[Event "Challenge"]
[Site "http://www.queenalice.com/game.php?id=364769"]
[Date "2008.3.3"]
[Round "-"]
[White "embmessiah"]
[Black "Wilson"]
[Result "1-0"]
[WhiteElo "1985"]
[BlackElo "1100"]

1. d4 d5 2. c4 c6 3. Nc3 e6 4. Nf3 Nf6 5. Bg5 Be7 6. e3 O-O 7. Bd3 a6 8. O-O h6
9. Bh4 Qc7 10. a3 Nbd7 11. Bg3 Bd6 12. Bxd6 Qxd6 13. c5 Qc7 14. b4 b6 15. Qe2 b5
16. e4 dxe4 17. Nxe4 Bb7 18. Nd6 Nd5 19. Qc2 N7f6 20. Rfe1 Ng4 21. Ne5 Nxe5 22.
dxe5 Nf4 23. Be4 f5 24. exf6 Rxf6 25. Rad1 g6 26. g3 Nh3+ 27. Kg2 Rxf2+ 28. Qxf2
Nxf2 29. Kxf2 Rf8+ 30. Kg2 Qe7 31. Bxg6 Kg7 32. Bf5 Qf6 33. Rxe6 Qb2+ 34. Kh3
Ba8 35. Rg6+ Kh8 36. Rxh6+ Kg7 37. Rh7+ Kg8 38. Re7 Qxa3 39. Rf1 Qxb4 40. Bh7+
Kh8 41. Rxf8# 1-0

[Event "AUTO-MASTER-481"]
[Site "http://www.queenalice.com/game.php?id=367819"]
[Date "2008.3.8"]
[Round "1"]
[White "Rutty"]
[Black "embmessiah"]
[Result "1-0"]
[WhiteElo "2039"]
[BlackElo "1887"]

1. e4 c6 2. d4 d5 3. e5 Bf5 4. f4 e6 5. Nf3 c5 6. c3 Nc6 7. Bd3 Bg4 8. Be3 Nge7
9. O-O Nf5 10. Bxf5 Bxf5 11. Nbd2 Qb6 12. b3 Be7 13. Qe2 O-O 14. dxc5 Bxc5 15.
Bf2 h6 16. Rac1 a5 17. Bxc5 Qxc5+ 18. Kh1 Qa3 19. Nb1 Qc5 20. Qf2 b6 21. Nd4
Nxd4 22. cxd4 Qb4 23. h3 Rac8 24. Nd2 b5 25. g4 Bd3 26. Rg1 a4 27. Qe3 Be4+ 28.
Nxe4 dxe4 29. bxa4 Qxa4 30. Rxc8 Rxc8 31. Rg2 Qd1+ 32. Rg1 Qd3 33. Qxd3 exd3 34.
Rd1 Rc3 35. Kg1 Kf8 36. Rd2 Ke7 37. Kf2 Kd7 38. Ke3 Rc2 39. Kxd3 Rxd2+ 40. Kxd2
Kc6 41. f5 Kd5 42. Kc3 Kc6 43. h4 g6 44. f6 Kd5 45. Kb4 Kc6 46. Ka5 Kd5 47. Kxb5
Kxd4 48. a4 Kxe5 49. a5 Kxf6 50. a6 g5 51. h5 Ke5 52. a7 1-0

[Event "AUTO-MASTER-481"]
[Site "http://www.queenalice.com/game.php?id=367820"]
[Date "2008.3.8"]
[Round "1"]
[White "embmessiah"]
[Black "Rutty"]
[Result "1-0"]
[WhiteElo "1937"]
[BlackElo "1917"]

1. e4 c5 2. Nf3 Nc6 3. Bc4 e6 4. O-O d6 5. c3 Nf6 6. Re1 Be7 7. d4 O-O 8. d5
exd5 9. exd5 Na5 10. Be2 c4 11. Qd4 b5 12. Na3 a6 13. Nc2 Bb7 14. Nb4 Ne4 15.
Qxe4 Bf6 16. Bf4 Qd7 17. Ng5 Bxg5 18. Bxg5 Rae8 19. Qd4 Bc8 20. Qb6 Re5 21. Bf4
Re4 22. Be3 Qb7 23. Qxa5 Rfe8 24. Bf3 1-0

[Event "AUTO-MASTER-481"]
[Site "http://www.queenalice.com/game.php?id=367835"]
[Date "2008.3.8"]
[Round "1"]
[White "jagvg"]
[Black "embmessiah"]
[Result "1-0"]
[WhiteElo "2052"]
[BlackElo "2028"]

1. d4 c5 2. e3 cxd4 3. exd4 d5 4. Nf3 Nc6 5. Bf4 g6 6. Nc3 Bg7 7. Nb5 a6 8. Nc7+
Kf8 9. Nxa8 Bg4 10. Nc7 Bxf3 11. Qxf3 Nxd4 12. Qc3 Nb5 13. Qa5 e5 14. Ne6+ 1-0

[Event "AUTO-MASTER-481"]
[Site "http://www.queenalice.com/game.php?id=367836"]
[Date "2008.3.8"]
[Round "1"]
[White "embmessiah"]
[Black "jagvg"]
[Result "0-1"]
[WhiteElo "1894"]
[BlackElo "2109"]

1. c4 Nf6 2. d4 c6 3. Nc3 d5 4. Bg5 h6 5. Bh4 Be6 6. e3 dxc4 7. Nf3 Nbd7 8. Be2
g5 9. Bg3 Bg7 10. O-O Nd5 11. e4 Nxc3 12. bxc3 Qa5 13. Qc2 f5 14. exf5 Bxf5 15.
Qb2 Qb5 16. Qxb5 cxb5 17. Ne5 Nxe5 18. Bxe5 Bxe5 19. Bh5+ Kd7 20. dxe5 Kc7 21.
Rfd1 Rhd8 22. Bf3 g4 23. Bd5 e6 24. Bxe6 Bxe6 25. Kf1 Rxd1+ 26. Rxd1 Rd8 27.
Rxd8 Kxd8 28. f4 gxf3 29. gxf3 a5 30. Ke2 b4 31. Kd2 Kd7 32. Kc2 Kc6 0-1

[Event "AUTO-MASTER-481"]
[Site "http://www.queenalice.com/game.php?id=367845"]
[Date "2008.3.8"]
[Round "1"]
[White "Lcannon610"]
[Black "embmessiah"]
[Result "1-0"]
[WhiteElo "2034"]
[BlackElo "1895"]

1. e4 c6 2. Bc4 d5 3. exd5 cxd5 4. Bb5+ Nc6 5. Nf3 a6 6. Be2 e5 7. d3 Nf6 8. Bg5
Be7 9. Nc3 d4 10. Bxf6 Bxf6 11. Ne4 Be7 12. c3 O-O 13. O-O f5 14. Qb3+ Kh8 15.
Ng3 Qd6 16. cxd4 Nxd4 17. Nxd4 Qxd4 18. Bf3 Rb8 19. Qc3 Qxc3 20. bxc3 Be6 21.
Rfe1 Bf6 22. Nh5 Rfd8 23. Nxf6 gxf6 24. d4 e4 25. Bd1 Rbc8 26. Re3 Rd7 27. Bb3
Bxb3 28. axb3 b5 29. f3 Rdc7 30. fxe4 fxe4 31. Rxe4 Rxc3 32. Rxa6 Rxb3 33. Rxf6
Rd3 34. Rb6 Rd2 35. h4 Rd8 36. Re7 R2xd4 37. Rh6 Kg8 38. Rhxh7 Rd1+ 39. Kh2 Rb8
40. Reg7+ Kf8 41. Rh8+ Kxg7 42. Rxb8 Rd4 43. Kh3 1-0

[Event "AUTO-MASTER-481"]
[Site "http://www.queenalice.com/game.php?id=367846"]
[Date "2008.3.8"]
[Round "1"]
[White "embmessiah"]
[Black "Lcannon610"]
[Result "0-1"]
[WhiteElo "1900"]
[BlackElo "2042"]

1. d4 Nf6 2. c4 d5 3. Nc3 e6 4. Bg5 Bb4 5. e3 Bxc3+ 6. bxc3 O-O 7. Nf3 h6 8. Bh4
b6 9. cxd5 exd5 10. c4 Be6 11. cxd5 Bxd5 12. Bb5 a6 13. Ba4 Qd6 14. Bc2 Nc6 15.
Bxf6 Qxf6 16. Qd3 g6 17. a3 Bxf3 18. gxf3 Rfe8 19. O-O-O Qxf3 20. Bb3 Kg7 21.
Rdf1 Rad8 22. Bd1 Qh3 23. Qc2 Nxd4 24. exd4 Qxa3+ 25. Qb2 Qxb2+ 26. Kxb2 Rxd4
27. Bb3 Re2+ 28. Bc2 Rdd2 29. Rc1 Rxf2 0-1

[Event "Rematch?"]
[Site "http://www.queenalice.com/game.php?id=370207"]
[Date "2008.3.13"]
[Round "-"]
[White "Petrushka"]
[Black "embmessiah"]
[Result "1-0"]
[WhiteElo "1706"]
[BlackElo "1962"]

1. e4 c5 2. Nf3 Nc6 3. d4 cxd4 4. Nxd4 e5 5. Nb5 Nf6 6. N1c3 a6 7. Nd6+ Bxd6 8.
Qxd6 Qe7 9. Qd1 O-O 10. Bg5 Qb4 11. Bxf6 gxf6 12. Qg4+ Kh8 13. O-O-O d5 14. Qf3
Rg8 15. Qxf6+ Rg7 16. Nxd5 Qa4 17. a3 Qxe4 18. Nc7 Bf5 19. Bd3 Qf4+ 20. Rd2 Rd8
21. g3 Qf3 22. Rhd1 e4 23. Bxe4 Qxd1+ 24. Kxd1 Bg4+ 25. f3 Bxf3+ 26. Bxf3 Rxd2+
27. Kxd2 1-0

[Event "AUTO-ADV-834"]
[Site "http://www.queenalice.com/game.php?id=370519"]
[Date "2008.3.13"]
[Round "1"]
[White "djpiu2"]
[Black "embmessiah"]
[Result "1-0"]
[WhiteElo "1740"]
[BlackElo "1938"]

1. d4 d5 2. c4 e6 3. Nc3 Nf6 4. Bg5 Be7 5. e3 O-O 6. Bxf6 Bxf6 7. Qf3 c6 8. c5
b6 9. cxb6 axb6 10. Bd3 Ba6 11. Bxa6 Nxa6 12. Nge2 Nb4 13. O-O c5 14. Rfd1 cxd4
15. exd4 Qd7 16. a3 Nc6 17. a4 Rfc8 18. b3 Qc7 19. Nb5 Qe7 20. Qe3 Nb4 21. Rac1
Rxc1 22. Rxc1 Bg5 23. f4 Bf6 24. Qd2 1-0

[Event "AUTO-ADV-834"]
[Site "http://www.queenalice.com/game.php?id=370520"]
[Date "2008.3.13"]
[Round "1"]
[White "embmessiah"]
[Black "djpiu2"]
[Result "0-1"]
[WhiteElo "1909"]
[BlackElo "1764"]

1. c4 c6 2. Nc3 d5 3. d4 e6 4. Nf3 Bb4 5. Bf4 Bxc3+ 6. bxc3 Nf6 7. e3 Ne4 8. Qc2
O-O 9. Bd3 Nf6 10. c5 b6 11. Bd6 Re8 12. Ne5 Nbd7 13. O-O bxc5 14. Nxc6 Qb6 15.
Ne7+ Kh8 16. Nxc8 Rexc8 17. Be5 Nxe5 18. dxe5 Ng4 19. Rab1 Qc7 20. Qe2 Nxe5 21.
Ba6 Rd8 22. Rb7 Qc6 23. f4 Ng6 24. Rfb1 c4 25. Rxf7 Qxa6 26. Rbb7 Rg8 27. Qh5
Qxa2 28. Qh6 Qd2 29. h3 Qxe3+ 30. Kh2 Qxc3 0-1

[Event "AUTO-ADV-834"]
[Site "http://www.queenalice.com/game.php?id=370533"]
[Date "2008.3.13"]
[Round "1"]
[White "embmessiah"]
[Black "fagner"]
[Result "1-0"]
[WhiteElo "1871"]
[BlackElo "1842"]

1. d4 d5 2. c4 c6 3. Nc3 Nf6 4. Bg5 e6 5. e4 Bb4 6. e5 Nbd7 7. exf6 Nxf6 8. Nf3
O-O 9. Bd3 Bxc3+ 10. bxc3 h6 11. Bh4 Re8 12. O-O b6 13. cxd5 exd5 14. Ne5 Qd6
15. Re1 Bb7 16. Bc2 c5 17. Bxf6 Qxf6 18. Qd3 Re7 19. Qh7+ 1-0

[Event "AUTO-ADV-834"]
[Site "http://www.queenalice.com/game.php?id=370534"]
[Date "2008.3.13"]
[Round "1"]
[White "fagner"]
[Black "embmessiah"]
[Result "0-1"]
[WhiteElo "1852"]
[BlackElo "1883"]

1. d4 d5 2. c4 Nf6 3. Nc3 e6 4. Bg5 Be7 5. Nf3 O-O 6. e3 c5 7. cxd5 Nxd5 8. Bxe7
Qxe7 9. Nxd5 exd5 10. g3 cxd4 11. Qxd4 Be6 12. Bg2 Nc6 13. Qd2 Rfd8 14. O-O Rac8
15. Nd4 Nxd4 16. Qxd4 Rc2 17. Rac1 Rdc8 18. Rxc2 Rxc2 19. Qxa7 Rxb2 20. Qb8+ Qf8
21. Qxf8+ Kxf8 22. Ra1 b6 23. a4 Ke7 24. a5 bxa5 25. Rxa5 Rb1+ 26. Bf1 Bh3 0-1

[Event "AUTO-ADV-834"]
[Site "http://www.queenalice.com/game.php?id=370535"]
[Date "2008.3.13"]
[Round "1"]
[White "embmessiah"]
[Black "Pato"]
[Result "1-0"]
[WhiteElo "1909"]
[BlackElo "2084"]

1. d4 Nf6 2. c4 e5 3. dxe5 Ng4 4. Nf3 Bc5 5. e3 Nc6 6. Nc3 O-O 7. Be2 Re8 8. O-O
a5 9. b3 Ncxe5 10. Nxe5 Nxe5 11. Bb2 Ra6 12. Nd5 Rh6 13. f4 Qh4 14. h3 d6 15.
fxe5 Bxh3 16. Qe1 Qg5 17. Qf2 f5 18. exf6 Rxe3 19. Nxe3 Bxe3 20. Bf3 gxf6 21.
Bd5+ Kg7 22. Rae1 Bxf2+ 23. Rxf2 Bf5 24. Bc1 Qg4 25. Re7+ Kf8 26. Rf7+ Ke8 27.
Bxh6 1-0

[Event "AUTO-ADV-834"]
[Site "http://www.queenalice.com/game.php?id=370536"]
[Date "2008.3.13"]
[Round "1"]
[White "Pato"]
[Black "embmessiah"]
[Result "1-0"]
[WhiteElo "1970"]
[BlackElo "1912"]

1. f4 d5 2. Nf3 Bg4 3. e3 Nf6 4. b3 Nc6 5. Bb5 e6 6. Bxc6+ bxc6 7. Bb2 Bb4 8.
O-O O-O 9. d3 c5 10. Nbd2 Ba5 11. Qe1 Bb6 12. Ne5 Bh5 13. Ndf3 1-0

[Event "Challenge"]
[Site "http://www.queenalice.com/game.php?id=382041"]
[Date "2008.4.4"]
[Round "-"]
[White "SJRioPreto"]
[Black "embmessiah"]
[Result "1-0"]
[WhiteElo "1963"]
[BlackElo "1861"]

1. d4 d5 2. c4 Nf6 3. cxd5 Nxd5 4. Nf3 g6 5. e4 Nf6 6. Nc3 Bg7 7. Bb5+ c6 8. Be2
O-O 9. O-O e6 10. Bf4 Qb6 11. Qd2 Bd7 12. Rac1 Qa5 13. Bd6 Rd8 14. b4 Qa3 15. e5
Ne8 16. Nb1 Qa4 17. Be7 Rc8 18. Nc3 Qa3 19. Rb1 b5 20. Ng5 h6 21. Nge4 1-0

[Event "Challenge"]
[Site "http://www.queenalice.com/game.php?id=386731"]
[Date "2008.4.13"]
[Round "-"]
[White "iwanikow"]
[Black "embmessiah"]
[Result "0-1"]
[WhiteElo "1817"]
[BlackElo "1846"]

1. e4 c5 2. c4 Nc6 3. d3 Nf6 4. Nf3 g6 5. Be2 Bg7 6. O-O O-O 7. Nc3 d6 8. Nd5
Nxd5 9. cxd5 Ne5 10. Nxe5 Bxe5 11. Rb1 Bd7 12. b4 cxb4 13. Rxb4 Qa5 14. a3 Qc7
15. Bg5 Rfe8 16. Qb3 b6 17. f4 Bg7 18. f5 Qc5+ 19. Kh1 b5 20. f6 exf6 21. Rc1
Qf2 22. Bxf6 Bxf6 23. Bf3 Qe3 24. Rc7 Qe1# 0-1

[Event "Challenge"]
[Site "http://www.queenalice.com/game.php?id=387321"]
[Date "2008.4.14"]
[Round "-"]
[White "Jonny_Fake"]
[Black "embmessiah"]
[Result "1-0"]
[WhiteElo "1894"]
[BlackElo "1876"]

1. e4 c5 2. Nf3 Nc6 3. Bc4 e6 4. O-O d5 5. exd5 exd5 6. Bd3 Nf6 7. b3 Be7 8. Bb2
O-O 9. Nc3 Bg4 10. Re1 d4 11. Ne4 Qc7 12. b4 Nxb4 13. Bc4 Nxe4 14. Rxe4 Bf5 15.
Re2 Nxc2 16. Rc1 Nb4 17. Nxd4 Bf6 18. Nxf5 Bxb2 19. Rb1 Bf6 20. g3 Qd7 21. g4 b6
22. a4 Nc6 23. h3 Nd4 24. Nxd4 Qxd4 25. Qc2 Bh4 26. Qb3 Kh8 27. Bxf7 Qf6 28. Bd5
Bxf2+ 29. Kg2 Rad8 30. Rf1 Qd4 31. Rfxf2 Rxf2+ 32. Rxf2 h6 33. Bf3 Qb4 34. Qc2
a6 35. Qf5 Re8 36. Bc6 Rg8 37. Be4 g6 38. Qe5+ Kh7 39. Rf7+ 1-0

[Event "Challenge"]
[Site "http://www.queenalice.com/game.php?id=387322"]
[Date "2008.4.14"]
[Round "-"]
[White "embmessiah"]
[Black "Jonny_Fake"]
[Result "1-0"]
[WhiteElo "1884"]
[BlackElo "1846"]

1. d4 d5 2. c4 Nf6 3. Nc3 Bf5 4. Nf3 e6 5. Bg5 h6 6. Bh4 Nbd7 7. cxd5 Bd6 8. e4
Bg4 9. e5 g5 10. Bg3 exd5 11. exd6 c6 12. Be2 Bf5 13. O-O O-O 14. Ne5 a5 15. Bd3
Be6 16. Na4 b6 17. Nxc6 Qc8 18. Ne7+ 1-0

[Event "Challenge"]
[Site "http://www.queenalice.com/game.php?id=389735"]
[Date "2008.4.18"]
[Round "-"]
[White "embmessiah"]
[Black "rhsatrhs"]
[Result "0-1"]
[WhiteElo "1861"]
[BlackElo "1888"]

1. d4 Nf6 2. c4 g6 3. Nc3 Bg7 4. e4 d6 5. Nf3 O-O 6. Be2 c5 7. d5 e6 8. O-O Re8
9. Bf4 e5 10. Bg3 Qb6 11. Qc2 Na6 12. a3 Qc7 13. Rab1 Qe7 14. Nd2 Nd7 15. f4 Nc7
16. fxe5 Nxe5 17. b4 b6 18. bxc5 bxc5 19. Nb3 Bg4 20. Rbc1 Bxe2 21. Qxe2 Rab8
22. Na5 Rb6 23. Nb5 Nxb5 24. cxb5 c4 25. Nc6 Qb7 26. a4 a6 27. Nxe5 Bxe5 28. Bf2
axb5 29. Bxb6 Qxb6+ 30. Kh1 bxa4 31. Qxc4 a3 32. Rc2 Bb2 33. Qa4 Rb8 34. Rc6 Qb4
0-1

[Event "Challenge"]
[Site "http://www.queenalice.com/game.php?id=391789"]
[Date "2008.4.22"]
[Round "-"]
[White "embmessiah"]
[Black "denzil"]
[Result "1-0"]
[WhiteElo "1870"]
[BlackElo "1863"]

1. d4 d5 2. c4 e6 3. Nc3 Nf6 4. Nf3 Bb4 5. Bg5 h6 6. Bh4 O-O 7. a3 Bxc3+ 8. bxc3
b6 9. e3 Bb7 10. Bd3 Nbd7 11. O-O Rc8 12. cxd5 exd5 13. Ne5 Qe8 14. Nxd7 Nxd7
15. Qg4 g6 16. Rfe1 f5 17. Qf4 Kg7 18. Re2 Nf6 19. f3 g5 20. Bxg5 hxg5 21. Qxg5+
Qg6 22. Qxf5 Qxf5 23. Bxf5 Rce8 24. Rae1 Ba6 25. Rc2 Bc4 26. Rd2 Rd8 27. e4 dxe4
28. fxe4 Rde8 29. g4 Kh6 30. h4 Rg8 31. Rg2 Kg7 32. h5 Bd3 33. h6+ Kh8 34. g5
Nxe4 35. g6 1-0

[Event "Challenge"]
[Site "http://www.queenalice.com/game.php?id=394098"]
[Date "2008.4.27"]
[Round "-"]
[White "embmessiah"]
[Black "Moquiche"]
[Result "0-1"]
[WhiteElo "1861"]
[BlackElo "1829"]

1. d4 d5 2. c4 Nc6 3. cxd5 Qxd5 4. Nf3 Bg4 5. Nc3 Qd7 6. d5 Bxf3 7. exf3 Nb8 8.
Bf4 a6 9. Bc4 g6 10. Qd4 Nf6 11. Be5 Bg7 12. O-O O-O 13. Ne4 Ne8 14. Bxg7 Nxg7
15. Nc5 Qc8 0-1

[Event "Challenge"]
[Site "http://www.queenalice.com/game.php?id=398285"]
[Date "2008.5.5"]
[Round "-"]
[White "mauricio_sm"]
[Black "embmessiah"]
[Result "0-1"]
[WhiteElo "1718"]
[BlackElo "1886"]

1. e4 e5 2. Nf3 Nf6 3. d3 Nc6 4. Nc3 Bc5 5. h3 d5 6. Bg5 Bb4 7. Qd2 d4 8. Bxf6
Qxf6 9. Qg5 dxc3 10. O-O-O cxb2+ 11. Kxb2 Qxg5 12. Nxg5 O-O 13. c3 Be7 14. Nf3
Be6 15. d4 exd4 16. Nxd4 Nxd4 17. Rxd4 Rfd8 18. Rxd8+ Rxd8 19. Kc2 Bxa2 20. Bd3
Be6 21. Rd1 Bc5 22. f3 a5 23. g4 c6 24. f4 b5 25. Be2 Rxd1 26. Kxd1 Ba3 27. Kc2
a4 28. f5 Bb3+ 29. Kd2 Bb2 30. h4 a3 31. Kd3 a2 32. Kd4 a1=Q 33. Kc5 Bxc3 34.
Kxc6 Qa6+ 35. Kc5 Bc4 36. Bxc4 bxc4 37. Kd5 Qb5+ 38. Kd6 Be5+ 39. Ke7 Qb7+ 40.
Kd8 Bf6+ 41. Ke8 Qe7# 0-1